000 00703nam a2200217Ii 4500
003 JO-AjNU
008 230606s9999||||xx |||||||||||||| ||und||
020 _a0-07-070610-7
040 _aJO-AjNU
_beng
_erda
_cJO-AjNU
041 _aeng
050 1 4 _aHF5667.C2766 1987
100 3 _aCarmichael,D.R / Willingham,John J,
_eauthor
_93279
245 0 0 _aAuditing Concepts and Methods: A Guide to Current Auditing theory and Practice
250 _a4th ed
264 3 1 _aNew York : Mc Graw Hill Book Company ,1987
300 _a569p
_b Includes indexes(p561-569)
336 _atext
_btxt
_2rdacontent
337 _aunmediated
_bn
_2rdamedia
338 _avolume
_bnc
_2rdacarrier
650 4 _aAuditing
_93280
999 _aE1715
_c1715
_d1715